000
00282nam a22001217a 4500
008
181024b xxu||||| |||| 00| 0 eng d
041
_a
eng
080
_a
616-053.2
100
_a
8
101
_a
PED
245
_a
HIP Disorders in Infants and Children
_c
Chung,S.M
942
_2
udc
_c
BK
999
_c
50837
_d
50837